Statistics for Countries that come After their Bordering Countries in Alphabetical Order

Click here to take the quiz!

General Stats

  • This quiz has been taken 154 times
  • The average score is 29 of 41

Answer Stats

#Country% Correct
2United Kingdom
97%
4Zimbabwe
95%
2United States
94%
2Yemen
90%
3Venezuela
87%
3Vietnam
87%
5Uzbekistan
85%
1Vatican City
85%
7Ukraine
84%
1South Korea
82%
8Turkey
82%
2Uruguay
82%
2Sweden
81%
3United Arab Emirates
79%
2Panama
78%
5Peru
76%
5Uganda
76%
5Switzerland
73%
4Thailand
72%
1San Marino
71%
2Swaziland
70%
2Nicaragua
68%
5Senegal
68%
7Sudan
68%
1Papua New Guinea
66%
1Haiti
65%
2Tunisia
65%
3Togo
63%
3Paraguay
61%
3Somalia
60%
3Suriname
60%
2Sierra Leone
59%
8Serbia
57%
4Slovenia
57%
3Netherlands
56%
1Monaco
54%
4Pakistan
54%
2Nepal
50%
5Republic of the Congo
48%
3Luxembourg
43%
4Nigeria
43%

Score Distribution

Percentile by Number Answered

Percent of People with Each Score

Your Score History

You have not taken this quiz